00670 a2200181 4500020001500000040001300015100001700028245010800045260003700153300003600190500003300226650001700259650002400276700002600300942002300326999001500349952012400364 a0471149993 aDLCbDLC1 aSoukup, Tom,10aVisual data mining : techniques and tools for data visualization and mining cTom Soukup, Ian Davidson. aNewDelhi :bJohn Wiley ,cc2002. a xxxi, 382 p. :bill. ;c24 cm. a"Wiley Computer Publishing." 0aData mining. 0aDatabase searching.1 aDavidson, Ian,d1971- cBKk006.3 SOU2ddc c6829d6829 001040708NFICaCLbCLcAId2004-01-22eVanguard Booksg590.75l0o006.3 SOUpSEECS004184r2023-08-16w2017-01-05yBK